Detalles MARC
| 000 -LEADER |
| fixed length control field |
02254nam a2200397Ii 4500 |
| 001 - CONTROL NUMBER |
| control field |
DIGCIDOB005 |
| 003 - CONTROL NUMBER IDENTIFIER |
| control field |
NyNyDIG |
| 006 - FIXED-LENGTH DATA ELEMENTS--ADDITIONAL MATERIAL CHARACTERISTICS |
| fixed length control field |
m o d |
| 007 - PHYSICAL DESCRIPTION FIXED FIELD--GENERAL INFORMATION |
| fixed length control field |
cr ||||||||||| |
| 008 - FIXED-LENGTH DATA ELEMENTS--GENERAL INFORMATION |
| fixed length control field |
131201s2005 sp ob 000 0 spa d |
| 020 ## - INTERNATIONAL STANDARD BOOK NUMBER |
| Canceled/invalid ISBN |
848707247X |
| 020 ## - INTERNATIONAL STANDARD BOOK NUMBER |
| Canceled/invalid ISBN |
9788487072475 |
| 035 ## - SYSTEM CONTROL NUMBER |
| System control number |
(OCoLC)620169133 |
| 040 ## - CATALOGING SOURCE |
| Original cataloging agency |
DGITA |
| Language of cataloging |
eng |
| Description conventions |
pn |
| Transcribing agency |
DGITA |
| 043 ## - GEOGRAPHIC AREA CODE |
| Geographic area code |
e----- |
| 050 14 - LIBRARY OF CONGRESS CALL NUMBER |
| Classification number |
KJE5105 eBook |
| 245 03 - TITLE STATEMENT |
| Title |
La proyección exterior de la Unión Europea en el Tratado constitucional |
| Medium |
[electronic resource] : |
| Remainder of title |
¿mejora o maquillaje? / |
| Statement of responsibility, etc. |
Francina Esteve y Montserrat Pi (eds.). |
| 264 #1 - PRODUCTION, PUBLICATION, DISTRIBUTION, MANUFACTURE, AND COPYRIGHT NOTICE |
| Place of production, publication, distribution, manufacture |
Barcelona : |
| Name of producer, publisher, distributor, manufacturer |
Fundació CIDOB : |
| -- |
Distribuido por Edicions Bellaterra, S.L, |
| Date of production, publication, distribution, manufacture, or copyright notice |
c2005. |
| 300 ## - PHYSICAL DESCRIPTION |
| Extent |
1 online resource (266 pages) |
| 336 ## - CONTENT TYPE |
| Content type term |
text |
| Content type code |
txt |
| Source |
rdacontent |
| 337 ## - MEDIA TYPE |
| Media type term |
computer |
| Media type code |
c |
| Source |
rdamedia |
| 338 ## - CARRIER TYPE |
| Carrier type term |
online resource |
| Carrier type code |
cr |
| Source |
rdacarrier |
| 490 1# - SERIES STATEMENT |
| Series statement |
Interrogar la actualidad. Serie Europa. |
| 504 ## - BIBLIOGRAPHY, ETC. NOTE |
| Bibliography, etc. note |
Includes bibliographical references (p. [261]-266). |
| 505 0# - FORMATTED CONTENTS NOTE |
| Formatted contents note |
Presentación / Esther Barbé Izuel -- Introducción / Francina Esteve y Montserrat Pi -- 1. La personalidad jurídica única de la Unión Europea:un avance en la búsqueda de mayor presencia en elsistema internacional / Susana Beltrán y Claudia Jiménez -- 2. Las competencias externas de la Unión Europea:¿hacia una política exterior común? / Francina Esteve -- 3. ¿Un marco institucional más coherente y eficaz parala acción exterior? / Montserrat Pi -- 4. Los instrumentos jurídicos y financieros de la Unión Europea en la acción exterior / Mariona Illamola y Esther Zapater -- 5. La constitucionalización de la seguridad y defensa en la nueva Unión Europea: singularidad versus coherencia / Alfonso González Bon -- Conclusiones -- Anexo - Bibliografía. |
| 651 #0 - SUBJECT ADDED ENTRY--GEOGRAPHIC NAME |
| Geographic name |
European Union countries |
| General subdivision |
Foreign relations |
| -- |
Law and legislation. |
| 655 #0 - INDEX TERM--GENRE/FORM |
| Genre/form data or focus term |
Electronic books. |
| 700 1# - ADDED ENTRY--PERSONAL NAME |
| Personal name |
Esteve, Francina. |
| 700 1# - ADDED ENTRY--PERSONAL NAME |
| Personal name |
Pi, Montserrat. |
| 791 2# - |
| -- |
Digitalia (Firm), |
| -- |
distributor. |
| 793 0# - |
| -- |
Digitalia eBook Collection: |
| -- |
Fundació CIDOB |
| 830 #0 - SERIES ADDED ENTRY--UNIFORM TITLE |
| Uniform title |
Interrogar la actualidad. |
| Name of part/section of a work |
Serie Europa. |
| 856 40 - ELECTRONIC LOCATION AND ACCESS |
| Materials specified |
Digitalia Hispánica |
| Uniform Resource Identifier |
<a href="https://www.digitaliapublishing.com/a/19566/">https://www.digitaliapublishing.com/a/19566/</a> |
| 910 ## - USER-OPTION DATA (OCLC) |
| User-option data |
Premium Collection: 2007-2012 |
| 942 ## - ADDED ENTRY ELEMENTS (KOHA) |
| Koha item type |
Recurso Electrónico |